| 000 | 00595nam a2200217 a 4500 | ||
|---|---|---|---|
| 001 | 64001 | ||
| 003 | BD-RjUL | ||
| 005 | 20211209081248.0 | ||
| 008 | 170107s2000 le a b 000 0 eng d | ||
| 035 | _a(BD-RjUL)64131 | ||
| 040 |
_aCOP _cCOP _dBD-RjUL _beng |
||
| 041 | 0 | _aeng | |
| 082 |
_223 _a953.8 _bKIN 2000 |
||
| 245 | 0 | 4 | _aKingdom of Saudi Arabia / |
| 250 | _a1st ed. | ||
| 260 |
_aLebanon : _bThe Islamic center for Information and Development, _c2000. |
||
| 300 |
_a207 p. : _bill. ; _c28 cm. |
||
| 504 | _aInclude Bibliography. | ||
| 651 | 0 |
_aSaudi Arabia. _9190056 |
|
| 942 |
_2ddc _cBK |
||
| 999 |
_c64001 _d64001 |
||